Carmine Falcone - Portrayals by Picture - Statistics

General Stats
  • This quiz has been taken 2 times
  • The average score is 2 of 8
Answer Stats
Picture Answer % Correct
John Turturro
100%
Tom Wilkinson
50%
Alex Rocco
0%
Jason J. Lewis
0%
John Doman
0%
Jon Polito
0%
Richard McGonagle
0%
Titus Welliver
0%
No matching quizzes found
Score Distribution
Percent of People with Each Score
Percentile by Number Answered
Your Score History
You have not taken this quiz